রাষ্ট্রতত্ত্ব / (Record no. 9036)
[ view plain ]
| 000 -LEADER | |
|---|---|
| fixed length control field | 00737nam a2200217 a 4500 |
| 001 - CONTROL NUMBER | |
| JCCL Control Number | 9036 |
| 003 - CONTROL NUMBER IDENTIFIER | |
| JCCL marc code | BD-JhCC |
| 005 - DATE AND TIME OF LATEST TRANSACTION | |
| control field | 20180307185015.0 |
| 008 - FIXED-LENGTH DATA ELEMENTS--GENERAL INFORMATION | |
| fixed length control field | 180307s1975 |||| ||a| 000 0 ben d |
| 035 ## - SYSTEM CONTROL NUMBER | |
| system control number | (BD-JhCC)9036 |
| 040 ## - CATALOGING SOURCE | |
| Original cataloging agency | BD-JhCC |
| Modifying agency | BD-JhCC |
| 041 ## - LANGUAGE CODE | |
| Language code of Book | ben |
| 082 ## - DEWEY DECIMAL CLASSIFICATION NUMBER | |
| Classification number | 320 |
| Author mark and Year | CHO 1975 |
| 100 ## - MAIN ENTRY--PERSONAL NAME | |
| Personal name | চক্রবতী, শ্রীশিবনাথ। |
| 245 ## - TITLE STATEMENT | |
| Title | রাষ্ট্রতত্ত্ব / |
| Statement of responsibility, etc | শ্রীশিবনাথ চক্রবতী । |
| 260 ## - PUBLICATION, DISTRIBUTION, ETC. (IMPRINT) | |
| Place of publication, distribution, etc | কলিকাতা : |
| Name of publisher, distributor, etc | মডার্ণ বুক এজেন্সী প্রাইভেট লিমিটেড ; |
| Date of publication, distribution, etc | 1975. |
| 300 ## - PHYSICAL DESCRIPTION | |
| Pagination | 492 p. : |
| Dimensions | 22 cm. |
| 651 ## - SUBJECT ADDED ENTRY--GEOGRAPHIC NAME | |
| Geographic name | Political science. |
| 942 ## - ADDED ENTRY ELEMENTS (KOHA) | |
| Source of classification or shelving scheme | Library of Congress Classification |
| Koha item type | Books |
| Source of classification or shelving scheme | volume number | Damaged status | Not for loan | Home library | Current library | Shelving location | Date of accession | Cost, normal purchase price | Total Checkouts | Full call number | Barcode | Date last seen | Copy number | Koha item type |
|---|---|---|---|---|---|---|---|---|---|---|---|---|---|---|
| Dewey Decimal Classification | V-1 | JCC Rouf Library | JCC Rouf Library | General Stacks | 03/07/2018 | 11.50 | 320 CHO 1975 | 11904 | 03/07/2018 | C-1 | Books | |||
| Dewey Decimal Classification | V-1 | JCC Rouf Library | JCC Rouf Library | General Stacks | 03/08/2018 | 12.00 | 320 CHO 1975 | 12148 | 03/08/2018 | C-2 | Books |